Catálogo
 En Linea

Religión y magias indegenas de América del sur / (Registro nro. 39600)

Detalles MARC
000 -CABECERA
campo de control de longitud fija 00691nam a2200169 a 4500
001 - NÚMERO DE CONTROL
campo de control 000040110
005 - FECHA Y HORA DE LA ÚLTIMA TRANSACCIÓN
campo de control 20201002033925.0
008 - DATOS DE LONGITUD FIJA--INFORMACIÓN GENERAL
campo de control de longitud fija 130807s1973 sp abc 000 0 spa d
040 ## - FUENTE DE LA CATALOGACIÓN
Centro catalogador/agencia de origen DO-SdBNP
Lengua de catalogación spa
Centro/agencia transcriptor BNPHU
041 17 - CÓDIGO DE LENGUA
Código de lengua del texto/banda sonora o título independiente spa.
Código de lengua original fre
100 1# - ENTRADA PRINCIPAL--NOMBRE DE PERSONA
Nombre de persona Metraux, Alfred
Fechas asociadas al nombre 1902-1963.
9 (RLIN) 66375
245 10 - MENCIÓN DE TÍTULO
Título Religión y magias indegenas de América del sur /
Mención de responsabilidad, etc. Alfred Metraux ; edición póstuma establecida por Simone Dreyfus ; traducción del francés por Miguel Rivera Dorado.
260 ## - PUBLICACIÓN, DISTRIBUCIÓN, ETC.
Lugar de publicación, distribución, etc. Madrid :
Nombre del editor, distribuidor, etc. Aguilar Ediciones,
Fecha de publicación, distribución, etc. 1973.
300 ## - DESCRIPCIÓN FÍSICA
Extensión aXVIII,265 p. :
Otras características físicas il., mapas. retrs. ;
Dimensiones 25 cm.
500 ## - NOTA GENERAL
Nota general Incluye referencias bibliográficas y notas al pie de las páginas
504 ## - NOTA DE BIBLIOGRAFÍA, ETC.
Nota de bibliografía, etc. Bibliografia : p.
Existencias
Estado de retiro Estado de pérdida Restricciones de uso No para préstamo Código de colección Localización permanente Ubicación/localización actual Ubicación en estantería Fecha de adquisición Número de inventario Total de préstamos Signatura topográfica completa Código de barras Fecha visto por última vez Precio válido a partir de Tipo de ítem Koha Nota pública
      Excluido de préstamo Monografías: Libros y Folletos General General En catalogación 07.08.2013 LF1   40110-10 25.06.2020 25.06.2020 No se presta Perteneció a la biblioteca personal de Aída Cartagena Portalatín

Con tecnología Koha